01546nam a2200349 a 4500001001000000003000500010005001700015008004100032010001100073011001100084040000900095090001000104100004000114245017500154260004100329500006000370502009800430590004100528590004000569590004000609650003600649650004200685650004800727650004300775856007000818901000700888942001000895942000600905999001900911952013100930952013501061000114468CHAP20220329144442.0180131s2017 mx a fsm |||||||spa d a110929 a111901 cCHAP aTesis1 aPérez Muñoz, Edgar Omar913455310aEfecto de aceites esenciales en el control de antracnosis en mango (Mangifera indica L.) CV. ataulfo en Chahuites, Oaxaca /h[En línea]cpor Edgar Omar Pérez Muñoz. aChapingo, Méx. :bEl autor,c2017. aPara ver el contenido del material haga clic en la liga aTesis (Ing. Agr. Esp. en Zonas Tropicales) -- UACH. Unidad Regional Universitaria Sur Sureste aBATCH-UPDb05c20180131lUCH01h1455 aE8697GMMb05c20180131lUCH01h1434 aE8697GMMb05c20180131lUCH01h145414aColletotricumxControl.913455414aControl biológico de hongos.92758014aExtractos vegetales como fungicida.912963914aMangoxEnfermedades por hongos.970411 aFinding aiduhttp://10.13.5.2/tesis/sist114468.pdfzTeclea aquí aBK cTESIS n0 c110929d110929 00104054718TESISaBCbBCd2018-01-31fTESISl0oTesisp114469-10r2019-12-31 00:00:00w2019-12-31yTESISzRecien adquirido 00102local4053708TESISaBCbBCcPA_TESISd2018-01-31fTESISl0oTesisp114469-20r2019-12-31 00:00:00tc.2w2019-12-31yTESIS